| 000 | 00602nam a2200145 a 4500 | ||
|---|---|---|---|
| 005 | 20140414132054.0 | ||
| 008 | 110720s19uu xx 00 eng d | ||
| 020 | _a0881664103 | ||
| 050 |
_aTR 649.64 _bW97 2002 |
||
| 100 | _aWyckoff, Jerry, 1935- | ||
| 245 |
_aDiscipline without shouting or spanking : practical solutions to the most common preschool behavior problems : _bby Jerry Wyckoff and Barbara C. Unell. |
||
| 260 |
_aDeephaven, MN : Meadowbrook Books ; New York : _bDistributed by Simon and Schuster, _cc1984. |
||
| 650 | _aDiscipline of children --Handbooks, manuals, etc. | ||
| 999 |
_c114265 _d114265 |
||